000 00789nam a2200253Ia 4500
003 OSt
005 20220918164515.0
006 a|||||r|||| 00| 0
007 ta
008 220917b |||||||| |||| 00| 0 eng d
020 _a063123165X (pbk)
_c2161.64
024 _a238,618
037 _b3079, 07/11/2008, Bharat Scientific Syndicate
_cTextual
040 _aARTS
_cARTS
_beng
041 _2eng
_aeng
082 _aV52.K, P4
100 _aGouwens Kenneth Ed.
_919251
245 0 _aItalian renaissance
_b The essential sources
260 _aMalden
_bBlackwell Publishing U.S.A
_c2004
300 _axi, 295p.
_ccm.
650 _aHISTORY
942 _hV52.K, P4
_cTEXL
_2CC
999 _c125117
_d125117